Quasiparticle theory of defects in solids

This book is devoted to the development and application of the quasiparticle approach in the modern theory of solids in order to present some new results, ideas and phenomena. Considerable attention is paid to defects in quantum crystals.The volume, presenting a detailed discussion of quasiparticle...

Cur síos iomlán

Đã lưu trong:
Sonraí Bibleagrafaíochta
Príomhúdar: Pushkarov, D. I.
Formáid: Leabhar
Teanga:Undetermined
Foilsithe: Singapore World Scientific 1991
Ábhair:
Clibeanna: Cuir Clib Leis
Gan Chlibeanna, Bí ar an gcéad duine leis an taifead seo a chlibeáil!
Thư viện lưu trữ: Trung tâm Học liệu Trường Đại học Cần Thơ
LEADER 01089nam a2200205Ia 4500
001 CTU_211370
008 210402s9999 xx 000 0 und d
020 |c 38.17 
082 |a 539.7 
082 |b P987 
100 |a Pushkarov, D. I. 
245 0 |a Quasiparticle theory of defects in solids 
245 0 |c D. I. Pushkarov 
260 |a Singapore 
260 |b World Scientific 
260 |c 1991 
520 |a This book is devoted to the development and application of the quasiparticle approach in the modern theory of solids in order to present some new results, ideas and phenomena. Considerable attention is paid to defects in quantum crystals.The volume, presenting a detailed discussion of quasiparticle mechanics and kinetics in nonstationary deformed solids, would be of particular interest to a wide class of specialists, lecturers and students in physics and mathematics. 
650 |a Nuclear physics,Quasiparticles (Physics),Vật lý nguyên tử,Quasiparticles (Vật lý) 
904 |i Trung Anh,Qhieu 
980 |a Trung tâm Học liệu Trường Đại học Cần Thơ